[Event "Panchavati op 2nd"]
[Site "Panchavati"]
[Date "2016.05.18"]
[Round "3"]
[White "Narvekar, Pruthviraj"]
[Black "Matta, Vinay Kumar"]
[Result "0-1"]
[WhiteElo "1640"]
[BlackElo "2169"]
[PlyCount "116"]
[EventDate "2016.05.17"]
[EventType "swiss"]
[EventRounds "10"]
[EventCountry "IND"]
[SourceTitle "CBM 172 Extra"]
[Source "ChessBase"]
[SourceDate "2016.06.21"]
[SourceVersion "1"]
[SourceVersionDate "2016.06.21"]
[SourceQuality "1"]

1. e4 e5 2. Nf3 Nc6 3. d4 exd4 4. Nxd4 Bc5 5. Be3 Qf6 6. c3 Nge7 7. Bc4 Ne5 8. Be2 Qg6 9. 0-0 d6 10. Nd2 Bh3 11. Bf3 a6 12. N2b3 Bb6 13. Kh1 Nxf3 14. Qxf3 Bd7 15. Nf5 Bxf5 16. exf5 Qxf5 17. Qxb7 Qd5 18. Qxd5 Nxd5 19. Bxb6 Nxb6 20. Nd4 Na4 21. Rfe1+ Kd7 22. Re2 Rhe8 23. Rc2 Re5 24. b3 Nc5 25. Nf3 Re7 26. Re1 Rxe1+ 27. Nxe1 Re8 28. Nf3 Ne4 29. g3 f5 30. Kg2 g6 31. Nd2 Nc5 32. Nc4 Nd3 33. Kh3 g5 34. Rd2 Ne1 35. g4 f4 36. Rd5 h6 37. Rd2 Nf3 38. Rb2 Re1 39. Kg2 Nh4+ 40. Kh3 Rc1 41. Nd2 Rxc3+ 42. f3 a5 43. b4 axb4 44. Rxb4 Nxf3 45. Nxf3 Rxf3+ 46. Kg2 Ra3 47. Rb2 d5 48. Rd2 Kd6 49. Rc2 c5 50. Rb2 c4 51. Rb6+ Kc5 52. Rxh6 Rxa2+ 53. Kg1 c3 54. Rh8 c2 55. Rc8+ Kd4 56. h4 gxh4 57. g5 Ra1+ 58. Kg2 c1Q 0-1